| 000 | 01917nam a2200277 i 4500 | ||
|---|---|---|---|
| 003 | DO-SdBNP | ||
| 005 | 20230821113145.0 | ||
| 006 | a||||gr|||| 00| 0 | ||
| 007 | ta | ||
| 008 | 230818e2023 dr aoc|| |||| 00| 0 spa d | ||
| 020 | _a9789945185027 | ||
| 040 |
_aDO-SdBNP _bspa _cBNPHU _erda |
||
| 082 | 4 |
_222 _bF615c |
|
| 100 | 1 |
_aFlete, Dagoberto Antonio, _d1952- _980105 _eautor |
|
| 245 | 1 | 0 |
_aCalles de Santo Domingo y Distrito Nacional. / _cDagoberto Ant. Flete; prólogo, Porfirio Pérez Bido |
| 264 | 1 |
_aSanto Domigo : _bWilly Copi Center, _c2023 |
|
| 300 |
_a219 páginas : _bIlustraciones, fotografía, retratos ; _c20 cm. |
||
| 336 |
_2rdacontent _atexto _btxt |
||
| 337 |
_2rdamedia _asin mediación _bn |
||
| 338 |
_2rdacarrier _avolumen _bnc |
||
| 500 | _aIncluye datos biográficos del autor en la contracubierta. | ||
| 505 |
_aPrólogo. _tLas Calles de santo Domingo y el Distrito Nacional.-- Santo Domingo, Distrito Nacional.-- Santo Domingo, Distrito Nacional.-- Diferencia entre Provincia y Distrito Nacional.-- Límites del Distrito Nacional.-- Población de la Provincia de Santo Domingo.-- División Política del Distrito Nacional.-- Atractivos turísticos.-- Evento y Espectáculos.-- Personalidades nacidas en el Distrito Nacional.-- Autoridades Electas.-- Avenidas del Distrito Nacional.-- Avenidas de Santo Domingo Este.-- Avenidas de Santo Domingo Norte.-- Avenidas de Santo Domingo Oeste.-- _tCallejones.-- Calles de fechas históricas.-- Calles con nombres de Batallas.-- Calles del Distrito Nacional.-- Calles de Santo Domingo Este.-- Calles de Santo Domingo Norte.-- Calles de Santo Domingo Oeste.-- Calle de los Alcarrizos.-- Barrios del Gran Santo Domingo.-- Peores barrios del Gran Santo Domingo.-- Opinión del Autor.-- Dedicatoria.-- Bibliografía.-- Libros Escritos. |
||
| 590 | _aInventariado 2023 / MF | ||
| 700 | 1 |
_aPérez Bidó, Porfirio, _972932 _eprólogo |
|
| 942 |
_2ddc _cLBS1 |
||
| 999 |
_c54471 _d54471 |
||